000 00625nam a2200205Ii 4500
001 18348
003 CO-ViMGA
008 241108s9999||||xx |||||||||||||| ||und||
040 _aCO-ViMGA
_bspa
_erda
_cCO-ViMGA
041 0 _aspa
082 0 4 _aI863.6 R63v
100 1 _aRodríguez, Omar Marino,
_d1957-
_951831
245 1 0 _aLa vaca mañosa :
_bcolección de cuentos
264 1 _aBogotá, Colombia : Talleres Suministros Ler, 2013
300 _avolumen
336 _atext
_btxt
_2rdacontent
337 _aunmediated
_bn
_2rdamedia
338 _avolume
_bnc
_2rdacarrier
940 _aidficha_siabuc: 18011. -- ficha_no_siabuc:18348
999 _c46590
_d46590